Uma Polt̕ica de Seguranȧ Pb︢lica para as Cidades Brasileiras "Vamos Ajudar a Construir"

Detalles Bibliográficos
Autor principal: Guglielmetti, Silas Antonio
Formato: eBook
Lenguaje:portugués
Publicado: Sô Paulo : Editora NELPA, 2012
Materias:
Acceso en línea:http://www.vlex.com/source/6780

MARC

LEADER 00000nam a22000007a 4500
005 20130122161109.0
007 cr|||| ||||
008 130122e2012 bl |||||s|||| 00||0 por d
020 |a 8580201861 
035 |a 6780 
040 |a vLex 
090 |c 3578  |d 3578 
100 1 0 |a Guglielmetti, Silas Antonio 
245 1 4 |a Uma Polt̕ica de Seguranȧ Pb︢lica para as Cidades Brasileiras  |b "Vamos Ajudar a Construir"  |h [Recurso electrn̤ico] 
256 |a Servicio en ln̕ea 
260 |a Sô Paulo :  |b Editora NELPA,  |c 2012 
300 |a 1 Recurso electrn̤ico 
650 0 4 |a Derecho del medio ambiente  |z Brasil 
650 0 4 |a Urbanizacin̤  |z Brasil 
740 |a vLex Libros (Servicio en ln̕ea) 
856 |a Acceso restringido  |u http://www.vlex.com/source/6780 
942 |c BOOK 
999 0 |a Environmental law